000 00966nam a2200289 i 4500
001 000038036
003 DO-SdBNP
005 20230920131826.0
007 ta
008 130312s2011 dr ac 000 0 spa d
020 _a9789945469639
040 _aDO-SdBNP
_bspa
_cBNPHU
_erda
082 4 _222
100 1 _aSantos, Francis de la,
_964432
_eautor
245 1 0 _aSabana Buey :
_bcuartel general del sur dominicano /
_cFrancis de la Rosa.
264 _aSanto Domingo :
_bMinisterio de Cultura,
_c2011.
300 _a354 páginas :
_bilustraciones, retratos ;
_c23 cm.
336 _2rdacontent
_atexto
_btxt
337 _2rdamedia
_asin mediación
_bn
338 _2rdacarrier
_avolumen
_bnc
500 _aIncluye datos biográficos del autor en la solapa de la cubierta
500 _aTerce premio (sur) concurso nacional de provincias 2010
504 _aBibliografía : p. 349-353
590 _aInventariado, 2023/BT
910 _aBtavárez
942 _2ddc
_cLBS1
999 _c37526
_d37526